Toutes les stations du réseau RER sur une carte - Statistiques

Statistiques générales
  • Ce quiz a été pris 1 376 fois
  • Le résultat moyen est 106 sur 239
Réponses sur la Carte
Les réponses sont colorées sur une échelle allant du rouge au vert en fonction du pourcentage des utilisateurs qui les ont devinées à leur premier essai. Vous pouvez retrouver ces pourcentages ci-dessous.
 
Statistiques - réponses
Station % Correct
Châtelet - Les Halles
94%
Paris-Gare du Nord / Magenta
91%
Auber / Haussmann-Saint-Lazare
89%
Gare de Lyon
89%
La Défense
87%
Charles-de-Gaulle - Étoile
82%
Marne-la-Vallée - Chessy
81%
Saint-Michel - Notre-Dame
81%
Stade de France - Saint-Denis
80%
Nation
78%
Saint-Michel-sur-Orge
77%
Saint-Maur - Créteil
75%
Vincennes
75%
Massy - Palaiseau
74%
La Plaine - Stade de France
71%
Nanterre - Université
71%
Saint-Denis
71%
Aéroport Charles-de-Gaulle 1
70%
Aéroport Charles-de-Gaulle 2 TGV
70%
La Norville - Saint-Germain-lès-Arpajon
70%
Luxembourg
69%
Nanterre - Préfecture
68%
Saint-Germain-en-Laye
68%
Denfert-Rochereau
67%
Poissy
67%
Antony
65%
Boissy-Saint-Léger
65%
Cité Universitaire
65%
Melun
65%
Aulnay-sous-Bois
64%
Bibliothèque François-Mitterrand
64%
Creil
64%
Essonnes - Robinson
64%
La Courneuve - Aubervilliers
63%
Paris-Austerlitz
63%
Juvisy
62%
Versailles - Château-Rive-Gauche
62%
Rosa-Parks
61%
Torcy
61%
Val de Fontenay
61%
Cergy-le-Haut
60%
Ivry-sur-Seine
60%
Neuilly - Porte Maillot
60%
Noisy-le-Grand - Mont d'Est
60%
Pontoise
60%
Robinson
60%
Saint-Rémy-lès-Chevreuse
60%
Versailles - Chantiers
60%
Les Yvris-Noisy-le-Grand
59%
Arcueil - Cachan
58%
Invalides
57%
Issy - Val de Seine
57%
Le Bourget
57%
Maisons-Alfort - Alfortville
57%
Mitry - Claye
57%
Nanterre-La Folie
57%
Pantin
57%
Port-Royal
57%
Champ de Mars - Tour Eiffel
56%
Chelles - Gournay
56%
Corbeil-Essonnes
56%
Rueil-Malmaison
56%
Val d'Europe
56%
Drancy
55%
Fontenay-sous-Bois
55%
Garges - Sarcelles
55%
Cergy - Préfecture
54%
Nogent - Le Perreux
54%
Saint-Ouen
54%
Villepinte
54%
Vitry-sur-Seine
54%
Issy
53%
Nanterre - Ville
53%
Nogent-sur-Marne
53%
Orsay-Ville
53%
Sceaux
53%
Sevran - Beaudottes
53%
Bourg-la-Reine
52%
Choisy-le-Roi
52%
Gentilly
52%
Noisy-le-Sec
52%
Palaiseau - Villebon
52%
Bagneux
51%
Bondy
51%
Les Boullereaux-Champigny
51%
Musée d'Orsay
51%
Palaiseau
51%
Parc des Expositions
51%
Champigny
50%
Dourdan - La Forêt
50%
Étampes
50%
Houilles - Carrières-sur-Seine
50%
Dourdan
49%
Évry-Courcouronnes
49%
Javel
49%
Sartrouville
49%
Villeneuve-Saint-Georges
49%
Noisy - Champs
48%
Saint-Quentin-en-Yvelines
48%
Tournan
48%
Villiers-le-Bel - Gonesse - Arnouville
48%
Le Blanc-Mesnil
47%
Pont de l'Alma
47%
Bussy-Saint-Georges
46%
Gif-sur-Yvette
46%
Joinville-le-Pont
46%
Laplace
46%
Massy - Verrières
46%
Noisiel
46%
Parc de Sceaux
46%
Pierrefitte - Stains
46%
Savigny-le-Temple - Nandy
46%
Sucy - Bonneuil
46%
Bry-sur-Marne
45%
Épinay-sur-Orge
45%
Épinay-sur-Seine
45%
Le Vésinet - Le Pecq
45%
Malesherbes
45%
Neuilly - Plaisance
45%
Rosny-sous-Bois
45%
Savigny-sur-Orge
45%
Goussainville
44%
Cergy-Saint-Christophe
43%
Créteil-Pompadour
43%
Grigny-Centre
43%
Sevran - Livry
43%
Brétigny
42%
Chatou - Croissy
42%
Le Raincy - Villemomble - Montfermeil
42%
Lognes
42%
Maisons-Laffitte
42%
Pont de Rungis - Aéroport d'Orly
42%
Le Parc de Saint-Maur
41%
Meudon - Val-Fleury
41%
Pereire - Levallois
41%
Saint-Martin-d'Étampes
41%
Fontenay-aux-Roses
40%
Gennevilliers
40%
Le Vert de Maisons
40%
Orry-la-Ville - Coye
40%
Porte de Clichy
40%
Roissy-en-Brie
40%
Rosny-Bois-Perrier
40%
Achères - Ville
39%
Chaville - Vélizy
39%
Conflans - Fin-d'Oise
39%
La Croix de Berny
39%
Athis-Mons
38%
Gagny
38%
Pont du Garigliano
38%
Villeneuve-Triage
38%
Neuville - Université
37%
Villiers-sur-Marne - Le Plessis-Trévise
37%
Viry-Châtillon
37%
Achères - Grand-Cormier
36%
Ermont - Eaubonne
36%
La Varenne - Chennevières
36%
Ris-Orangis
36%
Rungis - La Fraternelle
36%
Saint-Cyr
36%
Les Ardoines
35%
Villeparisis - Mitry-le-Neuf
35%
Avenue du Président Kennedy
34%
Avenue Foch
34%
Le Vésinet - Centre
34%
Louvres
34%
Lozère
34%
Villeneuve-le-Roi
34%
Yerres
34%
Boulainvilliers
33%
Bures-sur-Yvette
33%
Chantilly - Gouvieux
33%
Émerainville - Pontault-Combault
33%
Montigny - Beauchamp
33%
Orly - Ville
33%
Saint-Ouen-l'Aumône
33%
Saint-Ouen-l'Aumône-Liesse
33%
Vert-Galant
33%
Avenue Henri-Martin
32%
Le Guichet
32%
Les Baconnets
32%
Sainte-Geneviève-des-Bois
32%
Ablon
31%
Arpajon
30%
Brunoy
30%
Courcelle-sur-Yvette
30%
Le Mée
30%
Lieusaint - Moissy
30%
Survilliers - Fosses
30%
Combs-la-Ville - Quincy
29%
Fontaine Michalon
29%
Le Bras de Fer - Évry - Génopole
29%
Montgeron - Crosne
29%
Franconville - Le Plessis-Bouchard
28%
Vigneux-sur-Seine
28%
Ozoir-la-Ferrière
27%
Gretz-Armainvilliers
26%
La Hacquinière
26%
Les Grésillons
26%
Porchefontaine
26%
Viroflay-Rive-Gauche
26%
Boussy-Saint-Antoine
25%
Chemin d'Antony
25%
Les Saules
25%
Cesson
23%
Évry-Val-de-Seine
23%
Les Noues
23%
Orangis - Bois de l'Épine
23%
Saint-Gratien
23%
La Borne Blanche
22%
Le Chénay-Gagny
22%
Cernay
21%
Pierrelaye
21%
Étréchy
20%
Mennecy
20%
Lardy
19%
Égly
18%
La Ferté-Alais
18%
Saint-Fargeau
18%
Villabé
18%
Breuillet - Bruyères-le-Châtel
17%
Breuillet-Village
17%
Chamarande
17%
Marolles-en-Hurepoix
17%
Ballancourt
16%
Grand Bourg
16%
Ponthierry - Pringy
16%
Bouray
15%
Buno - Gironville
15%
Moulin-Galant
15%
Sermaise
15%
Vosves
15%
Boutigny
14%
Maisse
14%
Boigneville
13%
Le Coudray-Montceaux
13%
Saint-Chéron
13%
Boissise-le-Roi
12%
Le Plessis-Chenet
11%
Aucun quiz correspondant
Distribution des résultats
% des personnes avec chaque résultat
Percentile par nombre de réponses
Votre historique - résultats
Vous n’avez pas pris ce quiz